000 00759cab a2200205 4500
001 X2807
008 090401t1991 xxu||||| |||| 00| 0 eng d
035 _a(Sirsi) u26443
041 _aeng
100 _aMitchell, C.
245 _aManagement of interest rate exposure
260 _c1991
350 _a0
490 _aJournal of Property Finance
_v1 (4) Spring 1991, 530-538 (9)
520 _aSeeks to provide a pragmatic approach to managing interest rate risk including cautionary notes for those unaccustomed to the problems which might arise from the use of some risk management instruments. (Adapted from Journal Abstract).
650 _aINTEREST RATES
690 _aPROPERTY-PROPERTY FINANCE AND INVESTMENT
942 _n0
948 _c04/03/1997
999 _c17765
_d17765